Polgári és "újbaloldali" elméletek a tókés világgazdaságról

Enregistré dans:
Détails bibliographiques
Auteur principal: Szentes, Tamás
Format: Livre
Langue:hongrois
Publié: Budapest Kossuth 1980
Tags: Ajouter un tag
Pas de tags, Soyez le premier à ajouter un tag!

MARC

LEADER 00000nam a2200000 4500
001 c142144
005 20041019155324.0
041 0 |a hun 
044 |a HU 
245 1 0 |a Polgári és "újbaloldali" elméletek a tókés világgazdaságról  |c Tamás Szentes 
264 1 |a Budapest  |b Kossuth  |c 1980 
300 |a 449 s. 
100 1 |a Szentes, Tamás